| 000 | 00512nam a2200169Ia 4500 | ||
|---|---|---|---|
| 003 | OSt | ||
| 005 | 20200915094138.0 | ||
| 008 | 190216s9999||||xx |||||||||||||| ||und|| | ||
| 040 | _coclc | ||
| 082 |
_a892.7 _bKHA/C |
||
| 100 |
_aKhair, Said Abul _94574 |
||
| 245 | 0 |
_aA Collection Of Classical Arabic Literature / _cSaid Abul Khair ; K Mohammed Basheer |
|
| 260 |
_bTirurangadi Book Stall, _aCalicut: |
||
| 300 | _a160p | ||
| 650 | _aArabic | ||
| 942 |
_cBK _2ddc _h892.7 _iKHA/C _k892.7 _mKHA/C |
||
| 999 |
_c710 _d710 |
||